La voz en el eco / (Registro nro. 6813)
[ vista simple ]
| 000 -LEADER | |
|---|---|
| fixed length control field | 00754cam a22002411 4500 |
| 001 - CONTROL NUMBER | |
| control field | 7407981 |
| 003 - CONTROL NUMBER IDENTIFIER | |
| control field | OSt |
| 005 - DATE AND TIME OF LATEST TRANSACTION | |
| control field | 20250702164924.0 |
| 008 - FIXED-LENGTH DATA ELEMENTS--GENERAL INFORMATION | |
| fixed length control field | 800211s1942 ck ac 000 0 spa |
| 035 ## - SYSTEM CONTROL NUMBER | |
| System control number | (OCoLC)5969841 |
| 040 ## - CATALOGING SOURCE | |
| Original cataloging agency | DLC |
| Transcribing agency | CO-JMCR |
| 041 0# - LANGUAGE CODE | |
| Language code of text/sound track or separate title | spa |
| 050 00 - LIBRARY OF CONGRESS CALL NUMBER | |
| Classification number | PQ1170.S7 |
| Item number | L6 |
| 082 04 - DEWEY DECIMAL CLASSIFICATION NUMBER | |
| Classification number | A-P |
| Item number | LOPv |
| Edition number | 23 |
| 100 2# - MAIN ENTRY--PERSONAL NAME | |
| Personal name | López Narváez, Carlos, |
| Relator term | tr |
| 9 (RLIN) | 9626 |
| 245 13 - TITLE STATEMENT | |
| Title | La voz en el eco / |
| Statement of responsibility, etc. | Carlos Lopez Narvaez ; ilustraciones Gerardo Reichel-Dolmatoff |
| 250 ## - EDITION STATEMENT | |
| Edition statement | Segunda edición. |
| 260 ## - PUBLICATION, DISTRIBUTION, ETC. | |
| Place of publication, distribution, etc. | Bogotá: |
| Name of publisher, distributor, etc. | Biblioteca nacional, |
| Date of publication, distribution, etc. | 1996. |
| 300 ## - PHYSICAL DESCRIPTION | |
| Extent | 127 páginas : |
| Other physical details | ilustraciones, retrato a blanco y negro ; |
| Dimensions | 22 cm. |
| 650 24 - SUBJECT ADDED ENTRY--TOPICAL TERM | |
| Topical term or geographic name entry element | Poesía francesa |
| 9 (RLIN) | 7738 |
| 650 24 - SUBJECT ADDED ENTRY--TOPICAL TERM | |
| Topical term or geographic name entry element | López Narváez, Carlos, |
| Chronological subdivision | 1897- |
| 9 (RLIN) | 9627 |
| 942 ## - ADDED ENTRY ELEMENTS (KOHA) | |
| Source of classification or shelving scheme | Dewey Decimal Classification |
| Koha item type | Books |
| Withdrawn status | Lost status | Source of classification or shelving scheme | Damaged status | Not for loan | Home library | Current library | Shelving location | Date acquired | Source of acquisition | Total Checkouts | Full call number | Barcode | Date last seen | Copy number | Price effective from | Koha item type |
|---|---|---|---|---|---|---|---|---|---|---|---|---|---|---|---|---|
| Dewey Decimal Classification | Biblioteca Pública José María del Castillo y Rada | Biblioteca Pública José María del Castillo y Rada | General Stacks | 04/15/2018 | Donación | A-P LOPv | 201809984 | 09/02/2020 | Ej.1 | 04/15/2018 | Books |